000 01371cam a22003857a 4500
003 CHAP
005 20220329142425.0
008 010112d2000 mx r 00110 spa d
010 _a83237
011 _a84209
035 _a94728
040 _cCHAP
090 _aTesis
100 0 0 _aFuentes Carcaño, Leticia.
_943835
245 1 0 _aVigor inicial en trigo, triticale y cebada producidos bajo condiciones de temporal
_c/por Leticia Fuentes Carcaño.
260 _aChapingo, Méx. :
_bEl autor,
_c2000.
300 _a48h. :
_bgráfs.; cuads.
502 _aTesis (Ing. Agr. Esp. en Fitotecnia) -- UACH. Departamento de Fitotecnia.
590 _aALEPH
_b10
_c20130110
_lUCH01
_h1440
590 _aBATCH-UPD
_b10
_c20130110
_lUCH01
_h0603
590 _aBATCH-UPD
_b10
_c20130110
_lUCH01
_h2310
590 _aBATCH-UPD
_b10
_c20130410
_lUCH01
_h0245
590 _aBATCH-UPD
_b10
_c20130913
_lUCH01
_h2154
590 _aCONVERSION
_b10
_c20130109
_lUCH01
_h1346
650 1 4 _aAgricultura de temporal.
_91999
650 1 4 _aCebada
_xRendimiento.
_920707
650 1 4 _aSemillas
_xEfecto del medio ambiente.
_9103897
650 1 4 _aTrigo
_xRendimiento.
_9115092
650 1 4 _aTriticale
_xRendimiento.
_9115225
901 _aBK
905 _aEdna Luz
942 _cFOLL
949 _bBC
_cTES
_d33724000809406
_eTS2
_fc.2
_h37802
_i94728
_si
949 _bBC
_cTES
_d947281
_eTS1
_h37801
_i94728
_sb
999 _c83237
_d83237